00613nam a2200205Ia 4500008004100000020001800041050001600059100001800075245004300093245005200136260001500188260001600203260000900219300001600228300002000244300001000264500000800274999001900282952010600301170918s9999 xx 000 0 und d a9780439064873 bR884ch 1999 aRowling, J.K. aHarry Potter and the chamber secrets / cby J.K. Rowling ; illustrated by Mary Grandpre. aNew York : bScholastic, c1999 a341 pages : billustrations ; c19cm. a940 c343560d343560 001040aSSISMbSSISMd2017-09-18l0oFIC R884ch 1999pSSISM2632r2017-09-18 00:00:00w2017-09-18yBK